[Event "CHN-chB"]
[Site "Hangzhou"]
[Date "2019.07.05"]
[Round "8"]
[White "Li, Ziang"]
[Black "Xian, Junhao"]
[Result "1-0"]
[WhiteElo "1731"]
[BlackElo "2058"]
[PlyCount "109"]
[EventDate "2019.07.02"]
[EventType "swiss"]
[EventRounds "11"]
[EventCountry "CHN"]
[SourceTitle "CBM 191 Extra"]
[Source "ChessBase"]
[SourceDate "2019.09.30"]
[SourceVersion "1"]
[SourceVersionDate "2019.09.30"]
[SourceQuality "1"]

1. d4 f5 2. c4 Nf6 3. g3 g6 4. Bg2 Bg7 5. Nf3 0-0 6. 0-0 d6 7. Nc3 c6 8. Rb1 a5 9. d5 e5 10. dxe6 Bxe6 11. b3 Na6 12. Bf4 Nh5 13. Bg5 Qc7 14. Qd2 Nc5 15. Rfd1 Rfe8 16. Rbc1 Bf7 17. Ne1 Re6 18. Nd3 Rae8 19. Nxc5 dxc5 20. Bf3 Bd4 21. Kg2 Nf6 22. Bf4 Be5 23. Na4 Bxf4 24. Qxf4 Qe7 25. Qd2 Kg7 26. Qxa5 g5 27. e3 Re5 28. Qd2 g4 29. Be2 f4 30. gxf4 Rh5 31. f3 Rh3 32. Qc3 gxf3+ 33. Bxf3 Be6 34. Qe5 Qf7 35. Rf1 Rh6 36. f5 Bc8 37. Qf4 Ng8 38. e4 Qf6 39. Kh1 Kh8 40. Nxc5 Qd4 41. b4 Rf6 42. Nb3 Qb2 43. Qd2 Qa3 44. Rce1 h6 45. Bg4 Rff8 46. e5 Kh7 47. Bh5 Rd8 48. Bg6+ Kg7 49. Qc3 Qxa2 50. e6+ Rf6 51. e7 Bxf5 52. exd8Q Bxg6 53. Qdxf6+ Nxf6 54. Qxf6+ Kh7 55. Re7+ 1-0